| 000 | 01767nam a2200445Ii 4500 | ||
|---|---|---|---|
| 001 | DIGUCCH0048 | ||
| 003 | NyNyDIG | ||
| 008 | 230106s2010 cl a ob 001 0 spa d | ||
| 006 | m o d | ||
| 007 | cr ||||||||||| | ||
| 035 | _a(OCoLC)1367361262 | ||
| 040 |
_aDGITA _beng _erda _epn _cDGITA |
||
| 020 |
_a9789568433338 _qeBook |
||
| 020 | _z9789561404632 | ||
| 043 | _as-cl--- | ||
| 050 | 1 | 4 | _aTA658 ebook |
| 100 | 1 |
_aRiddell C., Rafael, _eauthor. |
|
| 245 | 1 | 0 |
_aDiseño estructural / _cRafael Ridell C., Pedro Hidalgo O. |
| 264 | 1 |
_aSantiago, Chile : _bPontificia Universidad Católica de Chile : _bEdiciones UC, _c[2010] |
|
| 300 |
_a1 online resource : _billustrations. |
||
| 336 |
_atext _btxt _2rdacontent |
||
| 337 |
_acomputer _bc _2rdamedia |
||
| 338 |
_aonline resource _bcr _2rdacarrier |
||
| 347 |
_atext file _2rdaft |
||
| 347 | _bPDF | ||
| 490 | 1 | _aTextos universitarios | |
| 504 | _aIncludes bibliographical references and index. | ||
| 588 | 0 | _aOnline resource; title from PDF title page (Digitalia, viewed January 6, 2023) | |
| 650 | 0 | _aStructural design. | |
| 650 | 0 | _aCivil engineering. | |
| 651 | 0 |
_aChile _xPolitics and government. |
|
| 700 | 1 |
_aHidalgo O., Pedro, _eauthor. |
|
| 791 | 2 |
_aDigitalia (Firm), _edistributor. |
|
| 793 | 0 |
_gDigitalia eBook Collection: _aUniversidad Catolica de Chile |
|
| 776 | 0 | 8 |
_iPrint version: _aRiddell C., Rafael. _tDiseño estructural. _bQuinta edición. _dSantiago, Chile : Pontificia Universidad Católica de Chile : Ediciones UC, [2010] _z9789561404632 |
| 830 | 0 | _aColección Textos universitarios (Ediciones Universidad Católica de Chile) | |
| 856 | 4 | 0 |
_3Digitalia Hispánica _uhttps://www.digitaliapublishing.com/a/38234/ |
| 910 | _aPremium collection: 2023 | ||
| 942 | _cRAA | ||
| 999 |
_c244204 _d244204 |
||